000 02085cam a2200493 i 4500
001 19739866
003 OSt
005 20241110184230.0
008 170620s2018 paua 001 0 eng
010 _a 2017029418
020 _a9781496367891 (paperback)
035 _a(DNLM)101707947
040 _aDNLM/DLC
_cDLC
_erda
_dDLC
042 _apcc
050 0 0 _aRC343.6
_b.K74 2018
060 1 0 _aWL 18.2
080 _a616.8
_bN-50
082 0 0 _a616.8
_223
100 1 _aKrebs, Claudia,
_d1974-
_eauthor.
245 1 0 _aNeuroscience /
250 _aSecond edition.
260 _aPhiladelphia :
_bWolters Kluwer,
_c[2018]
300 _avii, 468 pages :
_bcolor illustrations ;
_c28 cm.
336 _atext
_2rdacontent
337 _aunmediated
_2rdamedia
338 _avolume
_2rdacarrier
365 _b47 usd
490 1 _aLippincott's illustrated reviews
500 _aIncludes index.
505 0 _aIntroduction to the nervous system and basic neurophysiology -- Overview of the central nervous system -- Overview of the peripheral nervous system -- Overview of the visceral nervous system -- The spinal cord -- Overview and organization of the brainstem -- Ascending sensory tracts -- Descending motor tracts -- Control of eye movements -- Sensory and motor innervation of the head and neck -- Hearing and balance -- Brainstem systems and review -- The cerebral cortex -- The thalamus -- The visual system -- The basal ganglia -- The cerebellum -- The integration of motor control.
650 1 2 _aNervous System Physiological Phenomena
650 1 0 _aNeurology
_9100
653 _aნერვული სისტემა
653 _aნევროლოგია
655 2 _aOutlines
655 2 _aExamination Questions
700 1 _aWeinberg, Joanne,
_eauthor.
700 1 _aAkesson, Elizabeth,
_eauthor.
700 1 _aDilli, Esma,
_eauthor.
830 0 _aLippincott's illustrated reviews.
906 _a7
_bcbc
_corignew
_d1
_eecip
_f20
_gy-gencatlg
942 _2udc
_cBK
_e2
999 _c272
_d272